Szczegóły MARC21

Koncepcja organizacyjno-programowa informacji edukacyjnej w Polsce /

003 -Nazwa inst., której nr kontr. jest w polu 001 [,]
    • @
    • Nazwa instytucji, której n kontrolny jest w polu 001
    • NUKAT
005 -DATA I CZAS OSTATNIEJ MODYFIKACJI [,]
    • @
    • pole kontrolne
    • 20241231113452.0
020 -Międzynarod. znormalizowany nr książki - ISBN [ , ]
    • a
    • Numer ISBN
    • 8385778195 Find
040 -Instytucja sporządzająca opis [ , ]
    • a
    • Instytucja, która sporządziła opis (NP)
    • LUBL M/AB
    • c
    • Instytucja, która sporządziła rekord (NP)
    • LUBL M/AB
    • d
    • Instytucja, która zmodyfikowała rekord (P)
    • LUBL M/JD
    • d
    • Instytucja, która zmodyfikowała rekord (P)
    • GL 001/IFW
    • d
    • Instytucja, która zmodyfikowała rekord (P)
    • WA U/EBAs
041 -Język dokumentu [0, ]
    • a
    • Język tekstu (P)
    • polski
    • b
    • Język streszczeń lub abstraktu (P)
    • angielski
942 -Rodzaj dokumentu [ , ]
    • c
    • Rodzaj dokumentu
    • Książka
100 -Hasło główne - nazwa osobowa [1, ]
    • a
    • Nazwa osobowa (NP)
    • Zybert, Elżbieta Barbara
    • d
    • Daty biograficzne (NP)
    • (1952- ).
    • 9
    • KHW
    • 8329
245 -Strefa tytułu i oznaczenia odpowiedzialności [1,0]
    • a
    • Tytuł
    • Koncepcja organizacyjno-programowa informacji edukacyjnej w Polsce / Find
    • c
    • Pozostałe elementy strefy tytułu i oznaczenia odpowiedzialności (NP)
    • Elżbieta Barbara Zybert ; Stowarzyszenie Bibliotekarzy Polskich.
246 -Wariant tytułu [1,4]
    • a
    • Tytuł (NP)
    • Informacja edukacja
246 -Wariant tytułu [1,5]
    • a
    • Tytuł (NP)
    • Organizational-programmatic concepts for educational information in Poland
260 -Strefa adresu wydawniczego [ , ]
    • a
    • Miejsce wydania (P)
    • Warszawa :
    • b
    • Nazwa wydawcy (P)
    • Wydawnictwo SBP,
    • c
    • Data wydania (P)
    • 1994.
300 -Strefa opisu fizycznego [ , ]
    • a
    • Określenie formy książki i/lub objętość (NP)
    • 178, [1] s. ;
    • c
    • Format (NP)
    • 21 cm.
336 -Typ zawartości [ , ]
    • a
    • Termin opisujący typ zawartości
    • Tekst
    • b
    • Kod określający zawartość
    • txt
    • 2
    • Źródło (terminu i kodu)
    • rdacontent
337 -Typ mediów [ , ]
    • a
    • Tryb odtwarzania
    • Bez urządzenia pośredniczącego
    • b
    • Kod typu mediów
    • n
    • 2
    • Źródło (terminu i kodu)
    • rdamedia
338 -Typ/rodzaj nośnika [ , ]
    • a
    • Hasło opisujące typ nośnika
    • Wolumin
    • b
    • Kod typu nośnika
    • nc
    • 2
    • Źródło (terminu i kodu)
    • rdacarrier
490 -Strefa serii i książki wielotomowej - forma nie do wyszukiwania [1, ]
    • a
    • Tytuł (P)
    • Nauka, Dydaktyka, Praktyka ; Find
    • v
    • Numeracja (P)
    • 7
830 -Hasło dodatkowe serii i opisu książki wielotomowej - tytuł ujednolicony/tytuł [ ,0]
    • a
    • Tytuł ujednolicony/tytuł (NP)
    • Nauka, Dydaktyka, Praktyka
    • v
    • Oznaczenie tomu (NP)
    • 7
    • 9
    • KHW
    • 7614
500 -Uwaga ogólna [ , ]
    • a
    • Uwaga ogólna (NP)
    • Stanowi t. 2 pracy wydanej w 1991 r. pt.: Międzynarodowa i narodowa działalność informacyjna w zakresie edukacji.
504 -Uwaga dot. bibliogr. załącznikowej [ , ]
    • a
    • Uwaga dot. bibliografii załącznikowej
    • Bibliogr. s. 160-173.
546 -Uwaga dot. języka [ , ]
    • a
    • Uwaga dot. języka
    • Streszcz. ang.
080 -Uniwersalna Klasyfikacja Dziesiętna [ , ]
    • a
    • Symbol klasyfikacji
    • 37(438)
080 -Uniwersalna Klasyfikacja Dziesiętna [ , ]
    • a
    • Symbol klasyfikacji
    • :002.513.5(438)
650 -Hasło przedmiotowe [ ,7]
    • a
    • Hasło przedmiotowe
    • Edukacja
    • x
    • Określnik rzeczowy
    • systemy informacyjno-wyszukiwawcze.
    • 2
    • Źródło terminu
    • kaba
    • 9
    • KHW
    • 131818
650 -Hasło przedmiotowe [ ,7]
    • a
    • Hasło przedmiotowe
    • Edukacja
    • x
    • Określnik rzeczowy
    • służby informacyjne.
    • 2
    • Źródło terminu
    • kaba
    • 9
    • KHW
    • 520040
650 -Hasło przedmiotowe [ ,7]
    • a
    • Hasło przedmiotowe
    • Biblioteki
    • x
    • Określnik rzeczowy
    • służby informacji naukowej
    • z
    • Określnik geograficzny
    • Polska.
    • 2
    • Źródło terminu
    • kaba
    • 9
    • KHW
    • 524480
980 -Symbol UKD [ , ]
    • a
    • UKD
    • 37:002.513.5](438)
710 -Hasło dodatkowe - nazwa ciała zbiorowego [2, ]
    • a
    • Nazwa ciała zbiorowego lub nazwa geograficzna jako pierwszy element (NP)
    • Stowarzyszenie Bibliotekarzy Polskich.
    • b
    • Nazwa jednostki podrzędnej (P)
    • Wydawnictwo.
    • 4
    • Kod relacji
    • pbl
    • 9
    • KHW
    • 52190
920 -ISBN [ , ]
    • a
    • ISBN
    • 83-85778-19-5 Find
Status udost. Numer inwentarzowy Lokalizacja Data inwentaryzacji
-2E.65193BE1998-02-17
-3W.183338BG1996-03-06
1P.13358BM1997-04-21
-3P.13580BM1997-06-23